[Event "Turkey IS Bank Super League 2017"]
[Site "Darica-Kocaeli"]
[Date "2017.07.30"]
[Round "6"]
[White "Ozenir, Ekin Baris"]
[Black "Tarlabasi, Emirhan"]
[Result "1/2-1/2"]
[WhiteElo "2098"]
[BlackElo "2046"]
[Annotator "NA"]
[PlyCount "73"]
[EventType "team-tourn"]
[EventCountry "TUR"]
[SourceTitle "playchess.com"]
[Source "ChessBase"]
[SourceQuality "1"]
[TimeControl "40/5400+30:1800+30"]

1. d4 {[%emt 0:00:30]} d5 {[%emt 0:01:00]} 2. c4 {[%emt 0:00:30]} e6 {[%emt 0:00:30]} 3. Nc3 {[%emt 0:00:30]} Nf6 {[%emt 0:00:30]} 4. cxd5 {[%emt 0:03:30]} exd5 {[%emt 0:00:30]} 5. Bf4 {[%emt 0:03:30]} c6 {[%emt 0:04:30]} 6. Qc2 {[%emt 0:00:30]} Na6 {[%emt 0:03:30]} 7. a3 {[%emt 0:04:30]} g6 {[%emt 0:03:30]} 8. e3 {[%emt 0:03:30]} Bf5 {[%emt 0:06:30]} 9. Bd3 {[%emt 0:01:30]} Bxd3 {[%emt 0:00:30]} 10. Qxd3 {[%emt 0:00:00]} Bd6 {[%emt 0:04:30]} 11. Bg5 {[%emt 0:03:00]} Be7 {[%emt 0:02:30]} 12. Nf3 {[%emt 0:00:30]} O-O {[%emt 0:00:30]} 13. Bxf6 {[%emt 0:00:30]} Bxf6 {[%emt 0:00:30]} 14. b4 {[%emt 0:29:00]} Nc7 {[%emt 0:38:30]} 15. O-O {[%emt 0:01:30]} a6 {[%emt 0:03:30]} 16. a4 {[%emt 0:16:30]} Qe7 $11 {[%emt 0:07:30]} 17. b5 {[%emt 0:11:30]} axb5 {[%emt 0:08:30]} 18. axb5 {[%emt 0:00:30]} Ne6 {[%emt 0:07:30]} 19. Rfc1 {[%emt 0:12:30]} Rfd8 {[%emt 0:09:30]} 20. Rxa8 {[%emt 0:04:30]} Rxa8 {[%emt 0:02:30]} 21. bxc6 {[%emt 0:02:30]} bxc6 {[%emt 0:00:30]} 22. Qc2 {[%emt 0:00:30]} Qa7 {[%emt 0:03:38]} 23. Ne1 {[%emt 0:01:30]} Be7 {[%emt 0:05:43]} 24. Nd3 {[%emt 0:00:30]} Bd6 {[%emt 0:00:26]} 25. h3 {[%emt 0:02:28]} Qa6 {[%emt 0:07:18]} 26. Nb1 {[%emt 0:03:07]} Nd8 {[%emt 0:04:59]} 27. Nd2 {[%emt 0:02:46]} Qa4 {[%emt 0:02:24]} 28. Qxa4 {[%emt 0:05:01]} Rxa4 {[%emt 0:00:04]} 29. Nc5 {[%emt 0:00:08]} Bxc5 {[%emt 0:01:11]} 30. Rxc5 {[%emt 0:00:30]} Ra1+ {[%emt 0:00:00]} 31. Nf1 {[%emt 0:00:23]} Kf8 {[%emt 0:00:01]} 32. g4 {[%emt 0:00:36]} Ke7 {[%emt 0:01:05]} 33. Kg2 {[%emt 0:00:36]} Kd6 {[%emt 0:01:30]} 34. Nd2 {[%emt 0:01:06]} Ne6 {[%emt 0:00:49]} 35. Rc2 {[%emt 0:00:04]} f6 {[%emt 0:00:17]} 36. h4 {[%emt 0:01:23]} h6 {[%emt 0:00:27]} 37. Nf3 {[%emt 0:00:20]} 1/2-1/2

[Event "Turkey IS Bank Super League 2017"]
[Site "Darica-Kocaeli"]
[Date "2017.07.30"]
[Round "6"]
[White "Arda, Cagil Irmak"]
[Black "Ayazmali, Gizem"]
[Result "1/2-1/2"]
[WhiteElo "2080"]
[BlackElo "1849"]
[Annotator "NA"]
[PlyCount "94"]
[EventType "team-tourn"]
[EventCountry "TUR"]
[SourceTitle "playchess.com"]
[Source "ChessBase"]
[SourceQuality "1"]
[TimeControl "40/5400+30:1800+30"]

1. e4 {[%emt 0:01:30]} e5 {[%emt 0:01:00]} 2. Nc3 {[%emt 0:00:30]} Bc5 {[%emt 0:01:30]} 3. g3 {[%emt 0:00:30]} Nc6 {[%emt 0:03:30]} 4. Bg2 {[%emt 0:00:30]} Nge7 {[%emt 0:00:30] C25: Vienna Game: Alternatives to 2...Nf6} (4... a6 5. Nge2 d6 6. O-O Nge7 7. Nd5 O-O 8. c3 Nxd5 9. exd5 Ne7 10. d4 exd4 11. Nxd4 Nf5 12. Nf3 Qf6 13. b4 {0-1 (44) Adhiban,B (2670)-Yu,Y (2749) Khanty-Mansiysk 2017}) 5. Nge2 {[%emt 0:01:30]} O-O {[%emt 0:00:30]} 6. d3 {[%emt 0:01:30]} d6 {[%emt 0:02:30]} 7. Na4 {[%emt 0:00:30]} Bb6 {[%emt 0:00:30]} 8. Nxb6 {[%emt 0:00:30]} axb6 {[%emt 0:00:00]} 9. O-O {[%emt 0:00:30]} f5 {[%emt 0:00:00]} 10. Be3 $146 {[%emt 0:04:30]} ({Predecessor:} 10. Nc3 f4 11. Nb5 Ng6 12. c4 Rf7 13. Bd2 {1-0 (48) Yilmaz,M (2288)-Buker,M (2166) Ankara 2008}) 10... d5 {[%emt 0:13:30]} 11. f4 {[%emt 0:06:30]} dxe4 {[%emt 0:07:30]} 12. dxe4 {[%emt 0:00:30]} Qxd1 {[%emt 0:00:30]} 13. Rfxd1 {[%emt 0:00:30]} fxe4 {[%emt 0:00:30]} 14. Bxe4 {[%emt 0:00:30]} Bf5 {[%emt 0:04:30]} 15. Bd3 {[%emt 0:05:30]} Bxd3 {[%emt 0:40:00]} 16. cxd3 {[%emt 0:29:00]} (16. Rxd3 $11 Nf5 17. Bd2) 16... Nb4 {[%emt 0:02:30]} 17. Bf2 {[%emt 0:02:30]} exf4 18. Nxf4 {[%emt 0:00:30]} Ned5 {[%emt 0:08:00]} 19. Nxd5 {[%emt 0:04:30]} Nxd5 {[%emt 0:00:00]} 20. a3 {[%emt 0:00:00]} Rae8 {[%emt 0:01:00]} 21. Re1 {[%emt 0:00:00]} Rxe1+ {[%emt 0:06:30]} 22. Rxe1 {[%emt 0:00:00]} Kf7 {[%emt 0:03:30]} 23. Bd4 $11 {[%emt 0:03:00]} g6 {[%emt 0:08:30]} 24. Kg2 {[%emt 0:05:30]} Re8 {[%emt 0:05:30]} 25. Re4 {[%emt 0:02:30]} Re6 {[%emt 0:11:45]} 26. Kf3 {[%emt 0:02:30]} Rc6 {[%emt 0:04:03]} 27. Re2 {[%emt 0:00:30]} Nf6 {[%emt 0:03:06]} 28. Bxf6 {[%emt 0:06:30]} Kxf6 {[%emt 0:00:01]} 29. Kg4 {[%emt 0:05:30]} Rc1 {[%emt 0:02:20]} 30. Kf4 {[%emt 0:01:30]} Rc5 {[%emt 0:01:47]} 31. g4 {[%emt 0:07:30]} Rd5 {[%emt 0:01:59]} 32. Re3 {[%emt 0:00:30]} Rd4+ {[%emt 0:00:55]} 33. Kg3 {[%emt 0:01:30]} Rd5 {[%emt 0:01:06]} 34. Kf4 {[%emt 0:00:00]} Rd4+ {[%emt 0:00:11]} 35. Kg3 {[%emt 0:00:00]} Rd5 {[%emt 0:01:31]} 36. Kf4 {[%emt 0:00:00]} Rb5 {[%emt 0:02:28]} 37. Re2 {[%emt 0:00:00]} g5+ {[%emt 0:00:44]} 38. Ke3 {[%emt 0:04:30]} Re5+ {[%emt 0:00:47]} 39. Kd2 {[%emt 0:00:00]} Rxe2+ {[%emt 0:01:07]} 40. Kxe2 {[%emt 0:00:00]} Ke5 {[%emt 0:00:10]} 41. Ke3 {[%emt 0:00:30]} Kd5 {[%emt 0:02:30]} 42. b3 {[%emt 0:05:30]} c5 {[%emt 0:02:30]} 43. a4 {[%emt 0:06:30]} Ke5 {[%emt 0:01:30]} 44. h3 {[%emt 0:00:30]} h6 {[%emt 0:00:30]} 45. Ke2 {[%emt 0:00:00]} Kd4 {[%emt 0:00:30]} 46. Kd2 {[%emt 0:00:00]} Ke5 {[%emt 0:08:43]} 47. Ke3 {[%emt 0:00:30]} Kd5 {[%emt 0:01:09]} 1/2-1/2

[Event "Turkey IS Bank Super League 2017"]
[Site "Darica-Kocaeli"]
[Date "2017.07.30"]
[Round "6"]
[White "Gulden, Egemen"]
[Black "Yilmazyerli, Mert"]
[Result "0-1"]
[WhiteElo "2044"]
[BlackElo "2459"]
[Annotator "TA"]
[PlyCount "78"]
[EventType "team-tourn"]
[EventCountry "TUR"]
[SourceTitle "playchess.com"]
[Source "ChessBase"]
[SourceQuality "1"]

{[%evp 21,78,24,37,0,0,0,3,0,3,3,3,8,16,0,0,0,6,0,0,-103,19,-103,-103,-103,-103,-100,-103,-105,-104,-102,-104,-100,-100,-188,-94,-213,-271,-257,-264,-434,-424,-832,-928,-776,-375,-1043,-1043,-1010,-920,-1643,-1635,-1662,-1608,-1647,-1605,-12837,-12835,-12839,-12839]} 1. e4 g6 2. Nc3 c6 3. d4 Bg7 4. f4 d5 5. e5 Nh6 6. Nf3 Bg4 7. Be2 O-O 8. O-O f6 9. h3 Bxf3 10. Bxf3 fxe5 {B15: Caro-Kann: 3 Nc3: 3...g6 and 3...dxe4 4 Nxe4 Nf6 5 Nxf6+ exf6} (10... e6 11. Ne2 c5 12. c4 Nc6 13. cxd5 exd5 14. dxc5 fxe5 15. Qxd5+ Kh8 16. fxe5 Nf5 17. Qxd8 Raxd8 18. Bf4 {1-0 (65) Saric,I (2660)-Anton Guijarro,D (2627) Almaty 2016}) 11. fxe5 e6 {LiveBook: 4 Games} 12. Bxh6 $146 ({Predecessor:} 12. Ne2 Nd7 13. Bf4 Nf5 14. Qd2 Qb6 15. Kh2 Rf7 16. c3 Raf8 17. Bg4 c5 18. Bxf5 Rxf5 {1-0 (28) Janev,E (2457)-Qendro,L (2328) Bratto 2012}) 12... Bxh6 {The position is equal.} 13. Bg4 Qe7 14. Rxf8+ Kxf8 15. Qd3 Nd7 {[%cal Bb8d7,Bd7b6,Bb6c4,Bc4a3][%mdl 32]} 16. Ne2 Kg7 17. Qg3 Rf8 18. h4 Qf7 19. Rd1 Nb6 {Threatening ...Nc4.} 20. Rd3 (20. b3 $1 $11) 20... Qf1+ $17 21. Kh2 {[#]} Nc4 $1 {[%cal Rc4d2]} 22. Rf3 Rxf3 23. Qxf3 Qxf3 24. gxf3 {[%mdl 4096] Endgame KBN-KBN} Kf7 25. b3 Na3 26. c3 Bd2 27. Kg3 (27. h5 $17 {might work better.}) 27... b5 ({Black should play} 27... h5 $19 28. Bh3 Be1+ 29. Kg2 Nc2) 28. Nf4 {[#]} (28. h5 $17) 28... Bxf4+ $1 $19 29. Kxf4 {KB-KN} Nb1 30. c4 $2 (30. Ke3 {was worth a try.} Nxc3 31. a3) 30... bxc4 {White must now prevent ...c3.} 31. bxc4 (31. Ke3 $142 h5 32. Bh3) 31... dxc4 {[%cal Bd5c4,Bc4c3][%mdl 32] Hoping for ...c3.} 32. Ke3 Nc3 (32... h5 $142 33. Bh3 Na3) 33. Bh3 $2 (33. Kd2 Nb5 34. h5) 33... Nd5+ {Black is clearly winning.} 34. Kd2 h5 {[%cal Bh7h5,Bh5h4][%mdl 32]} 35. Bf1 c3+ 36. Kc1 {[#]} g5 $1 {[%mdl 512]} 37. hxg5 Kg6 38. Bd3+ Kxg5 39. Ba6 h4 {Precision: White = 34%, Black = 69%.} 0-1

[Event "Turkey IS Bank Super League 2017"]
[Site "Darica-Kocaeli"]
[Date "2017.07.30"]
[Round "6"]
[White "Yassibag, Ipek Asli"]
[Black "Onur, Cigdem"]
[Result "1/2-1/2"]
[WhiteElo "1880"]
[BlackElo "1699"]
[Annotator "NA"]
[PlyCount "86"]
[EventType "team-tourn"]
[EventCountry "TUR"]
[SourceTitle "playchess.com"]
[Source "ChessBase"]
[SourceQuality "1"]
[TimeControl "40/5400+30:1800+30"]

1. e4 {[%emt 0:00:30]} c5 {[%emt 0:01:00]} 2. d4 {[%emt 0:00:30]} cxd4 {[%emt 0:00:30]} 3. c3 {[%emt 0:00:00]} d3 {[%emt 0:00:30]} 4. Bxd3 {[%emt 0:00:00]} Nc6 {[%emt 0:01:30]} 5. Nf3 {[%emt 0:00:30]} d6 {[%emt 0:00:30]} 6. h3 {[%emt 0:01:30]} g6 {[%emt 0:04:30]} 7. O-O {[%emt 0:01:30]} Bg7 {[%emt 0:00:30]} 8. Bc4 {[%emt 0:01:30]} Nf6 {[%emt 0:03:30]} 9. Qe2 {[%emt 0:00:30]} O-O {[%emt 0:02:30]} 10. Rd1 {[%emt 0:01:30]} Qc7 {[%emt 0:12:30]} 11. Na3 {[%emt 0:01:30]} a6 {[%emt 0:01:30]} 12. Bf4 {[%emt 0:00:30]} Nd7 {[%emt 0:10:30]} 13. Rac1 {[%emt 0:00:30]} b5 {[%emt 0:00:30]} 14. Bb3 {[%emt 0:16:00]} Nc5 $11 {[%emt 0:51:30]} 15. Bd5 {[%emt 0:01:30]} Bb7 {[%emt 0:08:30]} 16. Qd2 {[%emt 0:06:30]} Rad8 {[%emt 0:07:30]} 17. b4 {[%emt 0:04:30]} Na4 {[%emt 0:07:30]} 18. Bh6 {[%emt 0:02:30]} Ne5 {[%emt 0:08:59]} 19. Nd4 {[%emt 0:04:30]} Nb6 {[%emt 0:11:01]} 20. Bxg7 {[%emt 0:08:30]} Kxg7 {[%emt 0:00:06]} 21. f4 {[%emt 0:00:30]} Nxd5 {[%emt 0:04:17]} 22. exd5 {[%emt 0:07:30]} Nc4 {[%emt 0:01:05]} 23. Nxc4 {[%emt 0:01:30]} Qxc4 {[%emt 0:00:04]} 24. Nf3 {[%emt 0:01:30]} Rc8 {[%emt 0:00:38]} 25. Qd4+ {[%emt 0:00:30]} Qxd4+ {[%emt 0:00:22]} 26. Rxd4 {[%emt 0:00:30]} Rc7 {[%emt 0:00:18]} 27. Nd2 {[%emt 0:03:30]} Rfc8 {[%emt 0:00:10]} 28. Rd3 {[%emt 0:00:00]} Ba8 {[%emt 0:01:33]} 29. Kf2 {[%emt 0:01:00]} Ra7 {[%emt 0:00:10]} 30. Nb3 {[%emt 0:02:30]} Rc4 {[%emt 0:00:13]} 31. g3 {[%emt 0:00:30]} Rac7 {[%emt 0:00:29]} 32. a3 {[%emt 0:00:30]} Rc8 {[%emt 0:00:27]} 33. Nd2 {[%emt 0:01:30]} R4c7 {[%emt 0:00:15]} 34. Nb3 {[%emt 0:00:30]} Rc4 {[%emt 0:00:28]} 35. Nd2 {[%emt 0:06:30]} R4c7 {[%emt 0:00:07]} 36. Ne4 {[%emt 0:07:30]} Ra7 {[%emt 0:02:03]} 37. a4 {[%emt 0:01:30]} a5 {[%emt 0:00:34]} 38. axb5 {[%emt 0:02:30]} axb4 {[%emt 0:00:08]} 39. c4 {[%emt 0:00:30]} Ra2+ {[%emt 0:00:54]} 40. Ke3 {[%emt 0:00:00]} Ra5 {[%emt 0:01:09]} 41. Kd2 {[%emt 0:03:00]} Ra2+ {[%emt 0:03:30]} 42. Ke3 {[%emt 0:01:30]} Ra5 {[%emt 0:04:30]} 43. Kd2 {[%emt 0:04:30]} Ra2+ {[%emt 0:00:00]} 1/2-1/2

[Event "Turkey IS Bank Super League 2017"]
[Site "Darica-Kocaeli"]
[Date "2017.07.30"]
[Round "6"]
[White "Incecik, Seyma Zeynep"]
[Black "Ayan, Bengu Sena"]
[Result "1/2-1/2"]
[WhiteElo "1804"]
[BlackElo "1862"]
[Annotator "NA"]
[PlyCount "135"]
[EventType "team-tourn"]
[EventCountry "TUR"]
[SourceTitle "playchess.com"]
[Source "ChessBase"]
[SourceQuality "1"]
[TimeControl "40/5400+30:1800+30"]

1. b3 {[%emt 0:01:30]} d5 {[%emt 0:01:00]} 2. Bb2 {[%emt 0:00:00]} Bg4 {[%emt 0:00:30]} 3. g3 {[%emt 0:01:00]} e6 {[%emt 0:07:30]} 4. Bg2 {[%emt 0:00:30]} Nf6 {[%emt 0:00:30]} 5. Nf3 {[%emt 0:04:30]} Nbd7 {[%emt 0:01:30]} 6. d3 {[%emt 0:03:30]} (6. h3 $5 {[%cal Rh3g4]} Bxf3 7. Bxf3 $11) 6... Bd6 {[%emt 0:08:30]} 7. Nbd2 {[%emt 0:01:30]} O-O {[%emt 0:05:30]} 8. O-O {[%emt 0:01:30]} c6 {[%emt 0:02:30] LiveBook: 328 Games} 9. Re1 {[%emt 0:03:30] A07: Réti Opening: New York and Capablanca Systems} (9. h3 Bxf3 10. Nxf3 Qe7 11. a3 Rfd8 12. c4 Rac8 13. Qc2 a6 14. Rfe1 e5 15. e4 dxe4 16. dxe4 Nf8 17. c5 Bxc5 18. Bxe5 Ne6 19. Qb2 {0-1 (60) Adly,A (2684)-Vladimirov,Y (2589) Pavlodar 2015}) 9... Re8 {[%emt 0:04:30]} 10. Rc1 {[%emt 0:00:30]} e5 {[%emt 0:35:30] 6} 11. e4 {[%emt 0:38:30] 6} d4 $146 {[%emt 0:04:30]} ({Predecessor:} 11... dxe4 12. dxe4 Bb4 13. a3 Ba5 14. b4 Bc7 15. Nc4 b5 16. Ncd2 a5 {½-½ (30) Kostoglotova,V-Grebenyuk,A (2118) Dagomys 2004}) 12. h3 {[%emt 0:05:30]} Bh5 {[%emt 0:04:30]} 13. a3 {[%emt 0:04:30]} b6 {[%emt 0:04:30]} (13... Nc5 $15) 14. g4 {[%emt 0:05:30]} Bg6 {[%emt 0:00:00]} 15. Nh4 {[%emt 0:07:30]} (15. c3 $5 {[%cal Rc3d4]}) 15... Nf8 {[%emt 0:09:00]} 16. f4 {[%emt 0:10:30]} exf4 {[%emt 0:06:30]} 17. Ndf3 {[%emt 0:01:30]} N6d7 {[%emt 0:01:30]} 18. Bxd4 {[%emt 0:02:30]} Bxa3 {[%emt 0:04:30]} 19. Ra1 {[%emt 0:00:30]} Bb4 {[%emt 0:01:30]} 20. Re2 {[%emt 0:03:41]} Bc5 {[%emt 0:01:30] ]} 21. Bxc5 {[%emt 0:01:42]} Nxc5 {[%emt 0:00:30] 7} 22. b4 {[%emt 0:03:30]} Ncd7 {[%emt 0:04:30] 3} 23. c3 {[%emt 0:03:56]} c5 {[%emt 0:03:30] 1} 24. Nxg6 {[%emt 0:03:37]} Nxg6 {[%emt 0:00:30] 4} 25. b5 {[%emt 0:00:19]} Nf6 {[%emt 0:00:30] 5} 26. c4 {[%emt 0:03:29]} Ne5 {[%emt 0:01:57]} 27. Nxe5 {[%emt 0:00:28]} Rxe5 {[%emt 0:00:05]} 28. Rea2 {[%emt 0:00:24]} Qd7 {[%emt 0:01:07]} 29. Qf3 {[%emt 0:01:26]} g5 {[%emt 0:00:39]} 30. Ra6 {[%emt 0:00:26]} Qd6 {[%emt 0:02:54]} 31. Kh1 {[%emt 0:01:14]} Qc7 {[%emt 0:02:13]} 32. Qf2 {[%emt 0:01:22]} h5 {[%emt 0:02:41]} 33. Bf3 {[%emt 0:00:35]} Kg7 {[%emt 0:02:36]} 34. Kg2 {[%emt 0:00:12]} hxg4 {[%emt 0:01:31]} 35. hxg4 {[%emt 0:00:05]} Qd7 {[%emt 0:00:11]} 36. Qe2 {[%emt 0:00:25]} Qc8 {[%emt 0:01:31]} 37. Rxa7 {[%emt 0:02:58]} Rxa7 {[%emt 0:00:44]} 38. Rxa7 {[%emt 0:00:05]} Qb8 {[%emt 0:00:00]} 39. Ra1 {[%emt 0:01:41]} Qd6 {[%emt 0:03:01]} 40. Qc2 {[%emt 0:00:00] 0} Nd7 {[%emt 0:01:20] 0} 41. Rd1 {[%emt 0:12:25] 0} Nf8 {[%emt 0:01:30] 0} 42. Qb2 {[%emt 0:02:02] [#]} Ne6 $1 {[%emt 0:01:30] ]} 43. Qf2 {[%emt 0:03:14]} (43. Rh1 $142) 43... Nd4 {[%emt 0:02:30] 4} 44. Rh1 {[%emt 0:00:35]} Re8 {[%emt 0:03:30] 3} 45. Rh5 {[%emt 0:04:37]} f6 {[%emt 0:02:30] 2} 46. Rh3 {[%emt 0:08:51]} Qd7 {[%emt 0:04:30] 1} 47. Rh1 {[%emt 0:01:55]} Qa7 {[%emt 0:05:06]} 48. Qb2 {[%emt 0:00:16]} Qd7 $2 {[%emt 0:01:11]} (48... Ra8 $19 49. Rh3 Nxf3 50. Kxf3 Qd7) 49. Qf2 {[%emt 0:00:27]} Rh8 {[%emt 0:05:52]} 50. Rxh8 {[%emt 0:01:23]} Kxh8 {[%emt 0:00:07]} 51. Qb2 {[%emt 0:00:47]} Nxf3 {[%emt 0:03:40]} 52. Qxf6+ {[%emt 0:00:08]} Kh7 {[%emt 0:00:00]} 53. Kxf3 {[%emt 0:00:45]} Qxd3+ {[%emt 0:00:00]} 54. Kf2 {[%emt 0:00:00]} Qg3+ {[%emt 0:03:27]} 55. Kf1 {[%emt 0:00:20]} Qf3+ {[%emt 0:00:24]} 56. Kg1 {[%emt 0:01:41]} Qxg4+ {[%emt 0:00:09]} 57. Kh1 $2 {[%emt 0:00:03]} (57. Kf1 $11 {and White is okay.}) 57... Qf3+ $17 {[%emt 0:03:22]} (57... Qd1+ $19 58. Kh2 Qe2+ 59. Kh3 Qf3+ 60. Kh2 Qxe4 61. Qxb6 Qxc4 62. Qb7+ Kh6 63. Qc6+ Kh5 64. Qe8+ Kg4 65. Qd7+ Kf3 66. Qh3+ Ke4) 58. Kg1 {[%emt 0:00:17]} Qxe4 {[%emt 0:01:19]} 59. Qxb6 {[%emt 0:00:58]} Qe1+ {[%emt 0:01:30] [%clk 0:01.55]} 60. Kg2 {[%emt 0:00:24]} Qe2+ {[%emt 0:00:58]} 61. Kh1 {[%emt 0:00:30]} f3 {[%emt 0:00:30]} 62. Qc7+ {[%emt 0:00:30]} Kg6 {[%emt 0:00:30]} 63. Qd6+ {[%emt 0:00:22]} Kg7 {[%emt 0:01:16]} 64. Qd7+ {[%emt 0:00:14]} Kg6 {[%emt 0:00:37]} 65. Qd6+ {[%emt 0:00:08]} Kh5 {[%emt 0:00:43]} 66. Qh2+ {[%emt 0:00:16]} Kg4 {[%emt 0:01:05]} 67. Qg1+ {[%emt 0:00:05]} Kf5 {[%emt 0:00:14]} 68. Qxc5+ {[%emt 0:00:13]} 1/2-1/2

[Event "Turkey IS Bank Super League 2017"]
[Site "Darica-Kocaeli"]
[Date "2017.07.30"]
[Round "6"]
[White "Yurdakul, Didem Nuray"]
[Black "Ozbay, Ece"]
[Result "1/2-1/2"]
[WhiteElo "1697"]
[BlackElo "1970"]
[Annotator "NA"]
[PlyCount "163"]
[EventType "team-tourn"]
[EventCountry "TUR"]
[SourceTitle "playchess.com"]
[Source "ChessBase"]
[SourceQuality "1"]
[TimeControl "40/5400+30:1800+30"]

1. e4 {[%emt 0:00:30]} c5 {[%emt 0:01:00]} 2. Nf3 {[%emt 0:00:30]} e6 {[%emt 0:00:30]} 3. c3 {[%emt 0:00:30]} Nf6 {[%emt 0:00:00]} 4. e5 {[%emt 0:01:30]} Nd5 {[%emt 0:00:00]} 5. d4 {[%emt 0:00:30]} cxd4 {[%emt 0:00:30]} 6. cxd4 {[%emt 0:00:30]} d6 {[%emt 0:00:00]} 7. a3 {[%emt 0:00:30]} g6 {[%emt 0:02:00]} 8. Bd3 {[%emt 0:03:30]} Nc6 {[%emt 0:06:30]} 9. O-O {[%emt 0:01:30]} Bg7 {[%emt 0:03:30]} 10. Re1 {[%emt 0:03:30]} O-O {[%emt 0:03:30] B22: Sicilian: 2 c3} 11. Nbd2 {[%emt 0:07:30]} (11. Bd2 Qb6 12. Nc3 Nxd4 13. Nxd5 exd5 14. Bb4 Nxf3+ 15. Qxf3 Bxe5 16. Rxe5 dxe5 17. Qxd5 Re8 18. Bc3 {0-1 (31) Zovko,M (2323)-Markus,R (2649) Sibenik 2016}) 11... dxe5 {[%emt 0:05:30]} 12. dxe5 {[%emt 0:00:30]} Nf4 {[%emt 0:00:30]} 13. Bc2 {[%emt 0:05:30]} Nd3 {[%emt 0:00:30]} 14. Bxd3 {[%emt 0:00:30]} Qxd3 {[%emt 0:00:30]} 15. Qb3 $146 {[%emt 0:00:30]} ({Predecessor:} 15. Qa4 Ne7 16. Qf4 b6 17. Ne4 Bb7 18. Nf6+ Bxf6 19. Qxf6 {0-1 (33) Jackson,J (2311)-Sundararajan,K (2429) Douglas 2016}) 15... Rd8 {[%emt 0:33:00] 3} 16. Qxd3 {[%emt 0:34:00] 3} Rxd3 {[%emt 0:00:30] 3} 17. b4 {[%emt 0:00:30] 3} b6 {[%emt 0:10:30] 3} 18. Bb2 {[%emt 0:03:30] 3} Bb7 {[%emt 0:01:30]} 19. Rac1 {[%emt 0:04:30]} Bh6 {[%emt 0:27:30]} 20. Rc2 {[%emt 0:02:30]} Rad8 {[%emt 0:02:30]} 21. Ne4 {[%emt 0:07:30]} Ne7 {[%emt 0:04:30]} 22. Nfg5 {[%emt 0:11:30]} Rd1 {[%emt 0:09:25]} 23. Rc1 {[%emt 0:18:20]} Bxe4 {[%emt 0:01:10]} 24. Rcxd1 {[%emt 0:00:27]} Rxd1 {[%emt 0:00:33]} 25. Rxd1 {[%emt 0:00:30]} Bxg5 {[%emt 0:00:30]} 26. Rd8+ {[%emt 0:00:03]} Kg7 {[%emt 0:00:00]} 27. Rd7 {[%emt 0:01:35]} Nd5 {[%emt 0:01:51]} 28. Rxa7 {[%emt 0:02:03]} Bc2 {[%emt 0:00:49]} 29. g3 {[%emt 0:04:27]} Bd2 {[%emt 0:02:08]} 30. Ra8 {[%emt 0:02:29]} b5 {[%emt 0:02:31]} 31. Bd4 {[%emt 0:01:03]} g5 {[%emt 0:03:07]} 32. Bc5 {[%emt 0:02:42]} g4 {[%emt 0:01:17]} 33. Bf8+ {[%emt 0:02:50]} Kg6 {[%emt 0:00:03]} 34. Bd6 {[%emt 0:00:00]} Kf5 {[%emt 0:03:01]} 35. Rf8 {[%emt 0:02:09]} f6 {[%emt 0:00:28]} 36. exf6 {[%emt 0:02:14]} Nxf6 {[%emt 0:00:01]} 37. Be7 {[%emt 0:00:23]} Bc3 {[%emt 0:00:38]} 38. Rc8 {[%emt 0:00:24]} Nd5 {[%emt 0:00:00]} 39. Bd6 {[%emt 0:00:59]} Ke4 {[%emt 0:01:21]} 40. Re8 {[%emt 0:00:00] ]} e5 {[%emt 0:01:37]} 41. Rg8 {[%emt 0:06:52]} Kf3 {[%emt 0:04:30]} ({Black should play} 41... Bd4 $17 42. Bc5 Nf6) 42. Rc8 {[%emt 0:03:30]} (42. Rf8+ $11 Ke4 43. Rh8) 42... e4 {[%emt 0:07:54]} 43. Rc5 $2 {[%emt 0:02:30] 6} (43. Bc5 $17) 43... Bb3 {[%emt 0:10:27]} 44. Rxb5 {[%emt 0:03:10] [#]} e3 $2 {[%emt 0:04:15]} (44... Be1 $1 $19 {[%cal Re1f2]} 45. Bc5 e3 46. Bxe3 Nxe3 47. fxe3 Bf2+ 48. Kh1 Bc2) 45. fxe3 {[%emt 0:07:39]} Be1 $1 {[%emt 0:01:26]} 46. Kf1 {[%emt 0:08:07]} Bc4+ {[%emt 0:00:34]} 47. Kxe1 {[%emt 0:00:30]} Bxb5 {[%emt 0:00:01]} 48. e4 {[%emt 0:00:00]} Kxe4 {[%emt 0:00:56]} 49. Kf2 {[%emt 0:00:03]} Nc3 {[%emt 0:00:38]} 50. Bf4 {[%emt 0:00:25]} Nb1 {[%emt 0:00:33]} 51. Kg2 {[%emt 0:01:15]} Bd7 {[%emt 0:01:02]} 52. a4 {[%emt 0:01:14]} Kd5 {[%emt 0:00:30]} 53. a5 {[%emt 0:00:00]} Kc6 {[%emt 0:01:20]} 54. Kf2 {[%emt 0:01:10]} Kb5 {[%emt 0:00:27]} 55. Bd6 {[%emt 0:00:11]} Nc3 {[%emt 0:00:28]} 56. Ke3 {[%emt 0:01:04]} Nd5+ {[%emt 0:00:56]} 57. Ke4 {[%emt 0:00:45]} Nxb4 $2 {[%emt 0:00:30]} (57... Bc6 $19 58. Kf5 Bd7+ 59. Ke5 Nxb4 60. Bxb4 Kxb4) 58. Bxb4 {[%emt 0:00:12]} Kxb4 {[%emt 0:00:00]} 59. a6 {[%emt 0:00:10]} Kb5 {[%emt 0:01:48]} 60. a7 {[%emt 0:00:30]} Bc6+ {[%emt 0:00:00]} 61. Kf4 {[%emt 0:00:13]} Kb6 {[%emt 0:00:00]} 62. Kxg4 {[%emt 0:00:06]} Kxa7 {[%emt 0:00:00]} 63. h4 {[%emt 0:00:06] [%clk 0:05.15]} Be4 {[%emt 0:02:39]} 64. Kg5 {[%emt 0:00:25]} Kb6 {[%emt 0:00:30]} 65. g4 {[%emt 0:00:30]} Kc6 {[%emt 0:00:30]} 66. Kh6 {[%emt 0:03:19]} Kd6 {[%emt 0:00:17]} 67. h5 {[%emt 0:00:26]} Ke6 {[%emt 0:00:30]} 68. g5 {[%emt 0:00:00]} Kf7 {[%emt 0:00:28]} 69. g6+ {[%emt 0:00:00]} Bxg6 {[%emt 0:00:00]} 70. hxg6+ {[%emt 0:00:00]} hxg6 {[%emt 0:00:00]} 71. Kg5 {[%emt 0:00:35]} Kg7 {[%emt 0:00:12]} 72. Kg4 {[%emt 0:00:00]} Kf6 {[%emt 0:00:05]} 73. Kf4 {[%emt 0:00:15]} g5+ {[%emt 0:00:18]} 74. Kg4 {[%emt 0:00:02]} Kg6 {[%emt 0:00:30]} 75. Kg3 {[%emt 0:00:00]} Kh5 {[%emt 0:00:00]} 76. Kh3 {[%emt 0:00:00]} g4+ {[%emt 0:00:00]} 77. Kg3 {[%emt 0:00:18]} Kg5 {[%emt 0:00:00]} 78. Kg2 {[%emt 0:00:00]} Kf4 {[%emt 0:00:42]} 79. Kf2 $11 {[%emt 0:00:00]} g3+ {[%emt 0:00:09]} 80. Kg2 {[%emt 0:00:18]} Kg4 {[%emt 0:00:30]} 81. Kg1 {[%emt 0:00:00]} Kh3 {[%emt 0:00:00]} 82. Kh1 {[%emt 0:00:00]} 1/2-1/2